000 00725nam a22001695i 4500
001 154965
003 ES-MaACL
005 20230906205921.0
008 990701s1881 sp |||| | spa d
040 _aAS
_bspa
_cCCPB | 3D
100 1 _aGuntín, Antonio.
_9127646
245 1 0 _aCartilla agraria para Galicia /
_cpor Antonio Guntin.
260 _aMadrid :
_bLa Ilustración Gallega y Asturiana,
_c1881 (
_fImprenta de Aurelio J. Alaria)
300 _a77 p. ;
_c19 cm.
500 1 _aObra premiada por el Jurado del certamen literario y musical celebrado en Pontevedra el 13 de agosto de 1880.
852 _aES-MaACL
_jT-419-F-14
_z-- Enc. hol.
_z-- Ded. ms. del autor al director de "La Época"
_z-- Enc. en un vol. facticio
999 _c154965
_d154965